Mostly Y Words Quiz Stats

 Plays Quiz Updated Oct 11, 2015

Challenge
Share
Tweet
Embed
Score 0/32 Timer 05:00
2 Plays Today
% Correct
polygyny
91.7%
crybaby
91.7%
hymn
91.6%
synonym
91.6%
gym
91.4%
Kyrgyzstan
90.7%
byway
89%
rhythm
88.6%
dry
88.1%
crypt
87.8%
synergy
87.6%
dynasty
87.5%
slyly
87.4%
thy
87.3%
nymph
86.3%
Pygmy
86.1%
% Correct
tyranny
85.6%
psych
83.6%
Vyshinsky
83.5%
pry
82.4%
Styx
82.1%
Sydney
80.6%
ply
79%
fly
79%
Kyzylkum
79%
sphynx
78.3%
dyarchy
78.1%
wynn
75.4%
myrrh
73.2%
fry
59.2%
Bly
58.9%
bryony
55.2%

You're not logged in!

Compare scores with friends on all Sporcle quizzes.
OR
Log In

You Might Also Like...

Show Comments

Extras

Top Quizzes Today


Score Distribution

Your Account Isn't Verified!

In order to create a playlist on Sporcle, you need to verify the email address you used during registration. Go to your Sporcle Settings to finish the process.

Report this User

Report this user for behavior that violates our Community Guidelines.

Details: